Представление документа в формате RUSMARC

ПолеНазваниеЗначение
  Тип записи a
  Библиографический уровень a
001 Контрольный номер 17aa7eedded24c89832334152985066f
005 Дата корректировки 20140506180909.9
200 Заглавие и сведения об ответственности __
a Заглавие Элита и возраст: путь наверх
461 Уровень набора _0
1 2001
a Социс
463 Уровень физической единицы _0
1 200
v С.49-60
1 210
d 2002. - №4
610 Ключевые слова __
a Ключевые слова власть; Россия; элита
686 Индексы других классификаций __
a Классификационный индекс 60.54
700 Автор __
a Фамилия Крыштановский
b Имя О.В.
701 Альтернативная интеллектуальная ответственность __
a Фамилия Хуторянский О.В.
901 Тип документа __
t Тип документа b
938 Служебная информация __
a Название организации Волгоградский филиал
b Имя БД Статьи ВКИ
c Название АИБС АИБС МАРК-SQL